000 00584nam a22001937a 4500
005 20251108164913.0
008 250721s1974 xx 000 0 ara d
082 1 4 _a212/صوا
100 1 _aصواف، محمد محمود
245 1 0 _aنظرات في سورة الحجرات /
264 1 _aبيروت :
_bمؤسسة الرساله،
_c1974.
300 _a196ص
490 0 _aسلسلة المكتبه القرآنيه ؛3
650 1 7 _aالقرآن الكريم
650 1 7 _aتفسير القرآن
650 1 7 _aسور القرآن
942 _2ddc
_cBK
999 _c17094
_d17094